000 00201 a2200109 4500
020 _a9780439869768
041 _aspa
100 _aKorman, Gordon
245 _aEl Everest
942 _cBK
999 _c8225
_d8225
999 _d8225